Profesijná etika v poistnom sektore
Význam etického konania pri poskytovaní poisťovacích služieb. Faktory ovplyvňujúce etické správanie a dopad profesijnej etiky na kvalitu služieb poskytovaných poisteným klientom.
Salvato in:
| Autore principale: | |
|---|---|
| Natura: | Capitolo di libro |
| Lingua: | slovacco |
| Soggetti: | |
| Tags: |
Nessun Tag, puoi essere il primo ad aggiungerne!!
|
MARC
| LEADER | 00000naa$a2200000$$$4500 | ||
|---|---|---|---|
| 001 | 0184711 | ||
| 005 | 20240502073152.2 | ||
| 041 | 0 | |a slo | |
| 044 | |a SK | ||
| 245 | 1 | 0 | |a Profesijná etika v poistnom sektore |c Jitka Meluchová |
| 520 | |a Význam etického konania pri poskytovaní poisťovacích služieb. Faktory ovplyvňujúce etické správanie a dopad profesijnej etiky na kvalitu služieb poskytovaných poisteným klientom. | ||
| 610 | 2 | 0 | |a poisťovníctvo |
| 610 | 2 | 0 | |a poisťovne |
| 610 | 2 | 0 | |a poistenie |
| 610 | 2 | 0 | |a poistenci |
| 610 | 2 | 0 | |a trh poistný |
| 610 | 2 | 0 | |a typy poistenia |
| 610 | 2 | 0 | |a normy etické |
| 610 | 2 | 0 | |a kódexy etické |
| 100 | 1 | |a Meluchová, Jitka, 1965- | |